[Event "Baltic Sea Cup"]
[Site "Ronne"]
[Date "2007.08.05"]
[Round "9.50"]
[White "Grandadam, Patrick"]
[Black "Holm, Kristian Stuvik"]
[Result "1-0"]
[WhiteElo "1918"]
[BlackElo "1000"]
[PlyCount "73"]
[EventDate "2007.??.??"]
[EventType "swiss"]
[EventRounds "9"]
[EventCountry "DEN"]
[SourceDate "2005.12.01"]
[WhiteTeam "Denmark"]
[BlackTeam "Denmark"]
[WhiteTeamCountry "DEN"]
[BlackTeamCountry "DEN"]

1. d4 Nf6 2. c4 e5 3. dxe5 Ng4 4. Nf3 Bc5 5. e3 Nc6 6. a3 a5 7. b3 Ngxe5 8.
Nxe5 Nxe5 9. Bb2 d6 10. Nc3 O-O 11. Be2 Re8 12. O-O Bd7 13. Rc1 Bc6 14. Nd5
Bxd5 15. cxd5 Qe7 16. Qc2 Rac8 17. Qc3 f5 18. Qxa5 Qf7 19. Qd2 Re7 20. Kh1 Rce8
21. b4 Bb6 22. Bd4 Nd7 23. Bb5 Bxd4 24. Qxd4 Rc8 25. Bxd7 Rxd7 26. Rc2 Re8 27.
Rfc1 Ree7 28. g3 b6 29. Qd3 Re8 30. Rc6 Re4 31. Kg1 h5 32. Qc3 Qxd5 33. Rxc7
Rxc7 34. Qxc7 h4 35. Qd8+ Kh7 36. Qg5 hxg3 37. Qh5+ 1-0

[Event "Baltic Sea Cup"]
[Site "Ronne"]
[Date "2007.08.05"]
[Round "9.51"]
[White "Pedersen, Lasse"]
[Black "Schiendorfer, Alexander"]
[Result "0-1"]
[WhiteElo "1062"]
[BlackElo "1811"]
[PlyCount "96"]
[EventDate "2007.??.??"]
[EventType "swiss"]
[EventRounds "9"]
[EventCountry "DEN"]
[SourceDate "2005.12.01"]
[WhiteTeam "Denmark"]
[BlackTeam "Denmark"]
[WhiteTeamCountry "DEN"]
[BlackTeamCountry "DEN"]

1. Nf3 d5 2. d4 g6 3. c4 c6 4. c5 Bg7 5. g3 Nf6 6. Bg2 O-O 7. O-O Nbd7 8. Bf4
Nh5 9. Bc1 e5 10. e3 e4 11. Nfd2 Bh6 12. b4 Ndf6 13. h3 Qc7 14. Nc3 Nxg3 15.
fxg3 Bxe3+ 16. Kh2 Bxd4 17. Rxf6 Bxf6 18. Bb2 Be5 19. Nf1 Be6 20. Qd2 f5 21.
Ne2 Bxb2 22. Qxb2 Qg7 23. Qxg7+ Kxg7 24. Nf4 Kf6 25. a4 a6 26. Rb1 Bd7 27. Ne3
Ke5 28. Bf1 g5 29. Ne2 h5 30. Nc3 f4 31. gxf4+ gxf4 32. Ng2 d4 33. Ne2 f3 34.
Nh4 Rf6 35. Ng3 Raf8 36. Re1 e3 37. Bd3 f2 38. Rf1 Be8 39. Be2 Bg6 40. Kg2 Be4+
41. Kh2 d3 42. Bxh5 Kd4 43. Nxe4 Kxe4 44. Bg6+ Rxg6 45. Nxg6 e2 46. Kg2 Rg8 47.
Kxf2 exf1=Q+ 48. Kxf1 Rxg6 0-1

[Event "Baltic Sea Cup"]
[Site "Ronne"]
[Date "2007.08.05"]
[Round "9.52"]
[White "Valle, Lorenzo"]
[Black "Dinesen, Lasse Juel"]
[Result "0-1"]
[WhiteElo "1541"]
[BlackElo "1522"]
[PlyCount "52"]
[EventDate "2007.??.??"]
[EventType "swiss"]
[EventRounds "9"]
[EventCountry "DEN"]
[SourceDate "2005.12.01"]
[WhiteTeam "Denmark"]
[BlackTeam "Denmark"]
[WhiteTeamCountry "DEN"]
[BlackTeamCountry "DEN"]

1. e4 c6 2. d3 d5 3. Nd2 dxe4 4. dxe4 e5 5. Ngf3 Nd7 6. g3 Ngf6 7. Bg2 Bc5 8.
O-O Qc7 9. Qe2 Nb6 10. b3 Bg4 11. Qe1 O-O-O 12. h3 Bh5 13. a3 Bg6 14. Bb2 Nbd7
15. b4 Bb6 16. c4 a6 17. c5 Ba7 18. Nh4 Nh5 19. Nc4 Rhf8 20. Nd6+ Kb8 21. Nhf5
Bxf5 22. exf5 f6 23. Be4 Nxc5 24. bxc5 Bxc5 25. Nc4 Nxg3 26. Qc3 Nxe4 0-1

[Event "Baltic Sea Cup"]
[Site "Ronne"]
[Date "2007.08.05"]
[Round "9.53"]
[White "Ehlers, Kjeld"]
[Black "Hansen, Anders"]
[Result "0-1"]
[WhiteElo "1449"]
[BlackElo "1795"]
[PlyCount "44"]
[EventDate "2007.??.??"]
[EventType "swiss"]
[EventRounds "9"]
[EventCountry "DEN"]
[SourceDate "2005.12.01"]
[WhiteTeam "Denmark"]
[BlackTeam "Denmark"]
[WhiteTeamCountry "DEN"]
[BlackTeamCountry "DEN"]

1. d4 Nf6 2. c4 e6 3. Nc3 d5 4. Nf3 Nbd7 5. cxd5 exd5 6. e3 Be7 7. Bd3 O-O 8.
Qc2 Re8 9. O-O a6 10. Ne5 g6 11. Nxd7 Bxd7 12. e4 dxe4 13. Nxe4 Rc8 14. Re1 Be6
15. Ng5 Bd5 16. b3 c5 17. dxc5 Bxc5 18. Rxe8+ Nxe8 19. Qe2 Qf6 20. Rb1 Ng7 21.
h3 Re8 22. Qd2 h6 0-1

[Event "Baltic Sea Cup"]
[Site "Ronne"]
[Date "2007.08.05"]
[Round "9.54"]
[White "Kallenbach, Uffe"]
[Black "Holt, Michael"]
[Result "1-0"]
[WhiteElo "1596"]
[BlackElo "1000"]
[PlyCount "27"]
[EventDate "2007.??.??"]
[EventType "swiss"]
[EventRounds "9"]
[EventCountry "DEN"]
[SourceDate "2005.12.01"]
[WhiteTeam "Denmark"]
[BlackTeam "Denmark"]
[WhiteTeamCountry "DEN"]
[BlackTeamCountry "DEN"]

1. d4 g6 2. c4 Nf6 3. Nc3 Bg7 4. e4 c6 5. e5 Ng4 6. Qxg4 O-O 7. Bd3 d5 8. Qd1
e6 9. Nf3 Qa5 10. O-O Qb6 11. Rb1 Qa6 12. cxd5 b5 13. dxc6 Qxc6 14. Be4 1-0

[Event "Baltic Sea Cup"]
[Site "Ronne"]
[Date "2007.08.05"]
[Round "9.55"]
[White "Hein, Jacob"]
[Black "Jacobsen, Mads Holger"]
[Result "1/2-1/2"]
[WhiteElo "1329"]
[BlackElo "1480"]
[PlyCount "72"]
[EventDate "2007.??.??"]
[EventType "swiss"]
[EventRounds "9"]
[EventCountry "DEN"]
[SourceDate "2005.12.01"]
[WhiteTeam "Denmark"]
[BlackTeam "Denmark"]
[WhiteTeamCountry "DEN"]
[BlackTeamCountry "DEN"]

1. g3 d5 2. d4 e6 3. Bg2 Nc6 4. Nf3 Nf6 5. Nbd2 Be7 6. b3 Na5 7. Bb2 c5 8. dxc5
Nc6 9. Ba3 Qa5 10. Qc1 Bxc5 11. Bxc5 Qxc5 12. O-O Nd4 13. Nxd4 Qxd4 14. e3 Qc5
15. Qb2 Bd7 16. b4 Qc7 17. Rfc1 b5 18. c4 Qd6 19. cxd5 exd5 20. Rc5 O-O 21. Qd4
Rac8 22. Rxc8 Rxc8 23. e4 Qb6 24. Qxb6 axb6 25. exd5 Rc2 26. Nf1 Rb2 27. a3 Ng4
28. Bh3 Nf6 29. Bxd7 Nxd7 30. Ne3 Rd2 31. Kg2 Nf6 32. Rc1 g6 33. Rc8+ Kg7 34.
Rc6 Nxd5 35. Nxd5 Rxd5 36. Rxb6 Kf8 1/2-1/2

[Event "Baltic Sea Cup"]
[Site "Ronne"]
[Date "2007.08.05"]
[Round "9.56"]
[White "Trarup, Jorgen"]
[Black "Ronne Larsen, Dennis"]
[Result "1-0"]
[WhiteElo "1863"]
[BlackElo "1000"]
[PlyCount "57"]
[EventDate "2007.??.??"]
[EventType "swiss"]
[EventRounds "9"]
[EventCountry "DEN"]
[SourceDate "2005.12.01"]
[WhiteTeam "Denmark"]
[BlackTeam "Denmark"]
[WhiteTeamCountry "DEN"]
[BlackTeamCountry "DEN"]

1. e4 Nf6 2. Nc3 e5 3. d3 d6 4. Nf3 Bg4 5. Be2 Nc6 6. Bg5 Be7 7. h3 Bh5 8. Qd2
Nd4 9. g4 h6 10. Bxf6 Bxf6 11. gxh5 Bg5 12. Qd1 Bf4 13. Nxd4 exd4 14. Nd5 Bg5
15. c3 c6 16. Nb4 Qf6 17. c4 Bf4 18. Nc2 Qh4 19. Bg4 Be3 20. Qe2 O-O 21. Nxe3
dxe3 22. Qxe3 Rfe8 23. O-O-O c5 24. Rhg1 Re5 25. Qg3 Qe7 26. Bf5 Kf8 27. Qxg7+
Ke8 28. Qh8+ Qf8 29. Rg8 1-0